<?xml version="1.0" encoding="UTF-8"?>
<record
    xmlns:xsi="http://www.w3.org/2001/XMLSchema-instance"
    xsi:schemaLocation="http://www.loc.gov/MARC21/slim http://www.loc.gov/standards/marcxml/schema/MARC21slim.xsd"
    xmlns="http://www.loc.gov/MARC21/slim">

  <leader>00825caa a22002417a 4500</leader>
  <datafield tag="999" ind1=" " ind2=" ">
    <subfield code="c">407723</subfield>
    <subfield code="d">407723</subfield>
  </datafield>
  <controlfield tag="001"> 121614 </controlfield>
  <controlfield tag="003">UA-OsUOA</controlfield>
  <controlfield tag="005">20191217170852.0</controlfield>
  <controlfield tag="007">ta</controlfield>
  <controlfield tag="008">20170324b un ||||| |||| 00| 0 ukr d</controlfield>
  <datafield tag="040" ind1=" " ind2=" ">
    <subfield code="a">UA-OsUOA</subfield>
    <subfield code="b">ukr</subfield>
    <subfield code="c">UA-OsUOA</subfield>
    <subfield code="d">UA-OsUOA</subfield>
  </datafield>
  <datafield tag="041" ind1=" " ind2=" ">
    <subfield code="a">ukr</subfield>
  </datafield>
  <datafield tag="080" ind1=" " ind2=" ">
    <subfield code="a">908</subfield>
  </datafield>
  <datafield tag="090" ind1=" " ind2=" ">
    <subfield code="a">908</subfield>
    <subfield code="b">&#x41C;36</subfield>
  </datafield>
  <datafield tag="100" ind1=" " ind2=" ">
    <subfield code="a">&#x41C;&#x430;&#x446;&#x44E;&#x43A; &#x41E;.</subfield>
  </datafield>
  <datafield tag="245" ind1=" " ind2=" ">
    <subfield code="a">&#x41E;&#x441;&#x442;&#x440;&#x43E;&#x437;&#x44C;&#x43A;&#x430; &#x43F;&#x430;&#x43F;&#x456;&#x440;&#x43D;&#x44F; &#x43A;&#x456;&#x43D;&#x446;&#x44F; XVI &#x2013; &#x43F;&#x43E;&#x447;&#x430;&#x442;&#x43A;&#x443; XVII &#x441;&#x442;.</subfield>
    <subfield code="c">&#x41E;. &#x41C;&#x430;&#x446;&#x44E;&#x43A; </subfield>
  </datafield>
  <datafield tag="300" ind1=" " ind2=" ">
    <subfield code="a">&#x421;. 37&#x2013;39</subfield>
  </datafield>
  <datafield tag="650" ind1=" " ind2="7">
    <subfield code="a">908 &#x41A;&#x440;&#x430;&#x454;&#x437;&#x43D;&#x430;&#x432;&#x441;&#x442;&#x432;&#x43E;</subfield>
    <subfield code="2">UDC</subfield>
  </datafield>
  <datafield tag="773" ind1="0" ind2=" ">
    <subfield code="0">357133</subfield>
    <subfield code="9">382849</subfield>
    <subfield code="d">&#x41B;&#x44C;&#x432;&#x456;&#x432; &#x406;&#x423; &#x456;&#x43C;. &#x406;. &#x41A;&#x440;&#x438;&#x43F;'&#x44F;&#x43A;&#x435;&#x432;&#x438;&#x447;&#x430; &#x41D;&#x410;&#x41D;&#x423; 1995</subfield>
    <subfield code="o">129496</subfield>
    <subfield code="t">&#x41E;&#x441;&#x442;&#x440;&#x43E;&#x437;&#x44C;&#x43A;&#x430; &#x434;&#x430;&#x432;&#x43D;&#x438;&#x43D;&#x430;</subfield>
    <subfield code="w">(UA-OsUOA) 70855 </subfield>
    <subfield code="z">5-7702-1006-0</subfield>
  </datafield>
  <datafield tag="942" ind1=" " ind2=" ">
    <subfield code="c">BKA</subfield>
    <subfield code="2">udc</subfield>
  </datafield>
  <datafield tag="955" ind1=" " ind2=" ">
    <subfield code="a">1</subfield>
  </datafield>
</record>
